000 01417cad a22002535a 4500
001 E147571
008 090526s2009 xxk f 000 0 eng d
020 _a9780755980192
035 _a(Sirsi) u147571
041 0 _aeng
050 0 4 _a639.8 $2 20
110 2 _aMarine Scotland
_95740
245 0 2 _aA fresh start
_bthe renewed strategic framework for Scottish aquaculture
_h[electronic resource]
260 _aEdinburgh
_bScottish Government
_c2009
505 2 _aMinisterial foreword -- Vision and guiding principles -- The importance of aquaculture -- The bigger picture -- How we got here -- The renewed strategic framework for Scottish aquaculture -- The key themes: healthier fish and shellfish; improved systems for licensing aquaculture developments; improved containment; better marketing and improved image; improved access to finance -- Delivery -- Appendix
520 _aSets out a framework for aquaculture in Scotland, including improved disease control, sustainable growth, and the development of a smaller and more focused Ministerial Group on Aquaculture.
521 _aAdvanced
590 _aKA
651 4 _aScotland
_y1999-
690 _aPROPERTY-RURAL AND NATURAL ASSETS-WATER RESOURCES
710 1 _aScotland
_bScottish Government
_95344
856 4 0 _uhttps://www.scotland.gov.uk/Publications/2009/05/14160104/0
_zView the framework free of charge at www.scotland.gov.uk...
942 _n0
999 _c109627
_d109627